000
00317nam a2200133Ia 4500
005
20251222143249.0
008
251222s9999||||xx |||||||||||||| ||spa||
020
_a
84-331-0698-8
082
_a
372.218/A77
100
_a
Arranz, Juan Diego
245
0
_a
Juegos al Aire:
264
_b
Escuela EspaƱola
942
_c
LIB
999
_c
14884
_d
14884